000 00235nam a2200097Ia 4500
005 20251222114357.0
008 251222s1900||||xx |||||||||||||| ||spa||
082 _aDVD0092/C27/2002
245 0 _aJuan XXIII: El Papa de la Paz:
942 _cDVD
999 _c1474
_d1474